Biblioteki Polonii Amerykańskiej
Biblioteka Instytutu Józefa Piłsudskiego w Ameryce
Library of the Józef Piłsudski Institute of America
Biblioteka imienia Alfreda Jurzykowskiego Polskiego Instytutu Naukowego w Ameryce
The Alfred Jurzykowski Memorial Library of the Polish Institute of Arts & Sciences of America
Biblioteka Marjanczyków Polskiej Fundacji Kulturalnej
The Marjanczyk Library of the Polish Cultural Foundation

Biblioteka Fundacji Kościuszkowskiej
Library of the Kosciuszko Foundation

Całuj ten świat / (Record no. 91108)

MARC details
000 -LEADER
fixed length control field 01288nam a2200409 i 4500
001 - CONTROL NUMBER
control field 991053164758905066
003 - CONTROL NUMBER IDENTIFIER
control field NyNyJPI
005 - DATE AND TIME OF LATEST TRANSACTION
control field 20260413193818.0
008 - FIXED-LENGTH DATA ELEMENTS--GENERAL INFORMATION
fixed length control field 260105s2025 pl oc |000 p pol c
009 - PHYSICAL DESCRIPTION FIXED-FIELD FOR ARCHIVAL COLLECTION (VM) [OBSOLETE]
fixed length control field b1000007573343
015 ## - NATIONAL BIBLIOGRAPHY NUMBER
National bibliography number UWD 2026/672
020 ## - INTERNATIONAL STANDARD BOOK NUMBER
International Standard Book Number 9788381832809
Qualifying information (oprawa miękka)
035 ## - SYSTEM CONTROL NUMBER
System control number (PL)b1000007573343
035 ## - SYSTEM CONTROL NUMBER
System control number (EXLNZ-48OMNIS_NETWORK)9915255966005606
040 ## - CATALOGING SOURCE
Original cataloging agency WA N
Transcribing agency WA N
Modifying agency WA N
-- KR U
046 ## - SPECIAL CODED DATES
Beginning or single date created 2025
080 ## - UNIVERSAL DECIMAL CLASSIFICATION NUMBER
Universal Decimal Classification number 821.162.1-1
084 ## - OTHER CLASSIFICATION NUMBER
Classification number 04
100 1# - MAIN ENTRY--PERSONAL NAME
Personal name Gruszka-Zych, Barbara
Dates associated with a name (1960- )
Relator term Autor
245 10 - TITLE STATEMENT
Title Całuj ten świat /
Statement of responsibility, etc. Barbara Gruszka-Zych.
260 ## - PUBLICATION, DISTRIBUTION, ETC.
Place of publication, distribution, etc. Katowice :
Name of publisher, distributor, etc. Śląsk,
Date of publication, distribution, etc. 2025.
300 ## - PHYSICAL DESCRIPTION
Extent 98, [2] strony :
Other physical details fotografie, portrety ;
Dimensions 21 cm.
336 ## - CONTENT TYPE
Content type term Tekst
Content type code txt
Source rdacontent
337 ## - MEDIA TYPE
Media type term Bez urządzenia pośredniczącego
Media type code n
Source rdamedia
338 ## - CARRIER TYPE
Carrier type term Wolumin
Carrier type code nc
Source rdacarrier
380 ## - FORM OF WORK
Form of work Książki
380 ## - FORM OF WORK
Form of work Poezja
386 ## - CREATOR/CONTRIBUTOR CHARACTERISTICS
Demographic group term Przynależność kulturowa
Creator/contributor term Literatura polska
388 1# - TIME PERIOD OF CREATION
Time period of creation term 2001-
490 1# - SERIES STATEMENT
Series statement Poezja
500 ## - GENERAL NOTE
General note Na okładce: Gdzieś wysoko szeleszczą chmury.
655 #7 - INDEX TERM--GENRE/FORM
Genre/form data or focus term Wiersze
Source of term DBN
700 1# - ADDED ENTRY--PERSONAL NAME
Personal name Lityński, Grzegorz
Relator term Fotografie
710 2# - ADDED ENTRY--CORPORATE NAME
Corporate name or jurisdiction name as entry element Wydawnictwo Naukowe Śląsk
Relator term Wydawca
Relationship pbl
830 #0 - SERIES ADDED ENTRY--UNIFORM TITLE
Uniform title Poezja (Wydawnictwo Naukowe Śląsk)
942 ## - ADDED ENTRY ELEMENTS (KOHA)
Source of classification or shelving scheme Other/Generic Classification Scheme
Koha item type Books
Suppress in OPAC No
Holdings
Withdrawn status Lost status Source of classification or shelving scheme Damaged status Not for loan Home library Current library Date acquired Total checkouts Full call number Date last seen Price effective from Koha item type
    Other/Generic Classification Scheme   Not for loan Józef Piłsudski Institute Józef Piłsudski Institute 04/13/2026   K 1845 04/13/2026 04/13/2026 Books